In Too Deep Sum 41 lyrics - Statistics

General Stats
  • This quiz has been taken 10 times
  • The average score is 226 of 296
Answer Stats
Answer % Correct
I
100%
a
80%
above
80%
again
80%
and
80%
as
80%
back
80%
backwards
80%
bending
80%
can't
80%
cause
80%
circles
80%
closer
80%
deep
80%
die
80%
each
80%
enough
80%
falling
80%
far
80%
faster
80%
going
80%
good
80%
head
80%
i'm
80%
I'm
80%
in
80%
instead
80%
is
80%
it
80%
it's
80%
just
80%
keep
80%
looking
80%
lose
80%
maybe
80%
me
80%
mind
80%
more
80%
my
80%
of
80%
one
80%
over
80%
running
80%
stopping
80%
than
80%
The
80%
then
80%
thing
80%
things
80%
time
80%
to
80%
too
80%
trying
80%
under
80%
up
80%
wasn't
80%
we
80%
well
80%
we're
80%
were
80%
why
80%
because
60%
break
60%
but
60%
complain
60%
driving
60%
fake
60%
for
60%
hard
60%
hate
60%
hide
60%
insane
60%
like
60%
long
60%
might
60%
really
60%
said
60%
seems
60%
sit
60%
so
60%
something's
60%
stalling
60%
still
60%
telling
60%
that
60%
this
60%
took
60%
when
60%
with
60%
wonder
60%
you
60%
believe
40%
easy
40%
embrace
40%
not
40%
relate
40%
think
40%
you're
40%
No matching quizzes found
Score Distribution
Percent of People with Each Score
Percentile by Number Answered
Your Score History
You have not taken this quiz